000 00548nam a22001937a 4500
003 KOHA_MİRAKIL
005 20251221144705.0
008 251221b tu ||||| |||| 00| 0 tur d
020 _a9786256666108
040 _aTR-AnABB
_btur
_cTR-AnABB
041 _atur
082 _a923.8
_bTUR 2024
100 1 _aTurgut, Hulusi,
245 1 0 _aCavit Çağlar fırtınalı bir yaşamöyküsü /
_cHulusi Turgut
260 _aİstanbul :
_bDoğan Yayınları,
_c2024
300 _a751 sayfa ;
_c23 cm
650 0 4 _aBiyografi
942 _2ddc
_cBK
999 _c9851
_d9851
900 _bGizem YORULMAZ